000
00354nam a2200157Ia 4500
008
230524s9999 xx 000 0 und d
082
_a
4.133
_b
HTM
100
_a
Sybex INC
245
0
_a
HTML Complete
250
_a
1ST
260
_a
NEW DELHI
_b
BPB
_c
1999
300
_a
XXIII;1028
500
_a
Quantity Number: 3
650
_a
Comp-Sc
942
_c
BK
999
_c
14182
_d
14182